| 000 | 01026cam a22002531i 4500 | ||
|---|---|---|---|
| 003 | SA-RiAUC | ||
| 005 | 20260204122053.0 | ||
| 008 | 260202s1962 ua g f00000 ara c | ||
| 040 |
_aSA-JeALM _bara _cSA-RiAUC _erda |
||
| 082 | 0 | 4 | _a616.891 |
| 090 |
_a616.891 _bم ح م |
||
| 100 | 1 |
_aمحمد المويلحي، محمد بن إبراهيم بن عبد الخالق، _d1225-1350 هجري _eمؤلف. |
|
| 245 | 1 | 0 |
_aعلاج النفس / _bتهذيب النفس وحثها على استكمال الأخلاق الفاضلة _cمحمد المويلحي. |
| 264 | 1 |
_aجدة - السعودية : _bسنا الفاروق للنشر، _c2007 |
|
| 300 |
_a229 صفحة ؛ _c22 سم. |
||
| 336 |
_aنص _btxt _2rdacontent _3كتاب |
||
| 337 |
_aبدون وسيط _bn _2rdamedia |
||
| 338 |
_aمجلد _bnc _2rdacarrier |
||
| 650 | 7 |
_aالصحة النفسية _2aucsh |
|
| 650 | 7 |
_aالسلوك (علم نفس) _2aucsh |
|
| 650 | 7 |
_aالأخلاق _2aucsh |
|
| 942 |
_2ddc _cBOOK _n0 |
||
| 949 |
_aSA-JeALM _d260202 _uosman123 _n1 |
||
| 999 |
_c14227 _d14227 |
||